50 tests de ajedrez
Guardat en:
| Autor principal: | |
|---|---|
| Format: | Llibre |
| Idioma: | espanyol |
| Publicat: |
Barcelona
Paidotribo
2004
|
| Edició: | 4a. ed |
| Col·lecció: | Colección Caissa
|
| Matèries: | |
| Etiquetes: |
Afegir etiqueta
Sense etiquetes, Sigues el primer a etiquetar aquest registre!
|
MARC
| LEADER | 00000nam a2200000 a 4500 | ||
|---|---|---|---|
| 001 | UCG3281 | ||
| 003 | CL-VaPUC | ||
| 008 | 100819e20040000SP |||||||||||||||||spa|d | ||
| 020 | |a 8480193131 | ||
| 082 | 0 | 4 | |a 794 |b SEG |2 21 |
| 100 | 0 | |a Segura Fontarnau, Abel |e author |9 552282 | |
| 245 | 1 | 0 | |a 50 tests de ajedrez |
| 250 | |a 4a. ed | ||
| 300 | |a 270 p | ||
| 942 | |c BK | ||
| 945 | |d 20100819 00:00:00 |a mfarfan | ||
| 260 | |a Barcelona |b Paidotribo |c 2004 | ||
| 650 | 0 | |a Ajedrez |9 333081 | |
| 650 | 7 | |a ENTRETENIMIENTO |2 CL-VaPUC |9 539343 | |
| 650 | 7 | |a JUEGOS DE ESTRATEGIA |2 CL-VaPUC |9 428778 | |
| 650 | 7 | |a TABLEROS |2 CL-VaPUC |9 542651 | |
| 583 | |a last modification |c 20100819 00:00:00 |k Rodrigo Vera | ||
| 490 | 0 | |a Colección Caissa | |
| 999 | |c 342352 |d 342350 | ||
| 952 | |0 0 |1 0 |4 0 |6 794_000000000000000_SEG_2004 |7 0 |8 C |9 438511 |a BIBCUR |b BIBCUR |d 2019-11-22 |i 4705556 |l 2 |o 794 SEG 2004 |p 4705556 |r 2025-04-22 |s 2025-01-06 |w 2019-11-22 |y BK |k DEN | ||